Innovations in logistics and knowledge for future logistics visions
Pohľad na súčasnú logistiku, jadro SCM (Supply chain management). Inovácie v logistike. Profilácia dodávateľskej strany - nákup a SCM. Kľúčové hodnoty dodávateľského reťazca a konečný používateľ. Stav a úspech SCM.
Salvato in:
| Autore principale: | |
|---|---|
| Natura: | Capitolo di libro |
| Lingua: | inglese |
| Soggetti: | |
| Tags: |
Nessun Tag, puoi essere il primo ad aggiungerne!!
|
MARC
| LEADER | 00000nla$a2200000$$$4500 | ||
|---|---|---|---|
| 001 | 0084676 | ||
| 005 | 20240502083225.2 | ||
| 041 | 0 | |a eng | |
| 044 | |a LV | ||
| 245 | 1 | 0 | |a Innovations in logistics and knowledge for future logistics visions |c Milan Oreský |
| 520 | |a Pohľad na súčasnú logistiku, jadro SCM (Supply chain management). Inovácie v logistike. Profilácia dodávateľskej strany - nákup a SCM. Kľúčové hodnoty dodávateľského reťazca a konečný používateľ. Stav a úspech SCM. | ||
| 610 | 2 | 0 | |a logistika |
| 610 | 2 | 0 | |a inovácia |
| 610 | 2 | 0 | |a reťazce dodávateľsko-odberateľské |
| 610 | 2 | 0 | |a riadenie |
| 610 | 2 | 0 | |a nákup |
| 610 | 2 | 0 | |a výkonnosť |
| 100 | 1 | |a Oreský, Milan, 1956- | |